LEADER 00831nam a2200217 i 4500 001 000000187635 003 CaOOAMICUS 005 20100322000000.0 008 100322s1936 it u000 u ita u 013 $a165727 040 $aSeMil$bita 100 1 $aFacchinetti, Vittorino,$c.$0(OLS)http://semarc/name/12360 245 10$aCon San Francesco in volo /$cP. Vittorino Facchinetti Francescano. 250 $a2. ed. 260 $aMilano :$bIl Maglio,$cstampa 1936. 300 $a98 p., [13] p. di tav. ;$c21 cm. 650 4$aAutobiografie.$0(OLS)http://semarc/subject/2396 850 $aSeMil 852 $aSeMil$W1$xVenegono$y1$m3F V 430$j138322$B138322$CSeMilBibl$Z2$F149760 $81 996 $6245$aCon San Francesco in volo$9(OLS)http://semarc/title/269957 996 $6260$aMilano :$bIl Maglio$9(OLS)http://semarc/publisher/47560 LEADER 00984nam a2200241 i 4500 001 000000065477 003 CaOOAMICUS 005 20090626000000.0 008 090626s1995 it u000 u ita u 013 $a36649 020 $a88-7610-535-2 040 $aSeMil$bita 100 1 $aMarzaroli, Davide .$0(OLS)http://semarc/name/24354 245 14$aUna vita per la Chiesa :$bl'esperienza spirituale di Paolo 6. /$cDavide Marzaroli. 260 $aMilano :$bÀncora,$c1995. 300 $a157 p. ;$c21 cm. 600 04$aPaolo VI .$0(OLS)http://semarc/subject/713 850 $aSeMil 852 $aSeMil$W1$xVenegono$y1$m2A II 395$j31630$B31630$CSeMilBibl$Z2$F31633 $81 961 $aOmaggio: Aceti don Guido 996 $6020$a88-7610-535-2$9(OLS)http://semarc/number/42834 996 $6245$aUna vita per la Chiesa :$bl'esperienza spirituale di Paolo 6.$9(OLS)http://semarc/title/103903 996 $6260$aMilano :$bÀncora$9(OLS)http://semarc/publisher/29763